The Steppenwolf / (Record no. 126780)
[ view plain ]
| 000 -LEADER | |
|---|---|
| campo de control de longitud fija | 01570nam a22002417a 4500 |
| 003 - IDENTIFICADOR DE NÚMERO DE CONTROL | |
| campo de control | BJBSDDR |
| 005 - FECHA Y HORA DE LA ÚLTIMA TRANSACCIÓN | |
| campo de control | 20260414090918.0 |
| 007 - CAMPO FIJO DE DESCRIPCIÓN FÍSICA--INFORMACIÓN GENERAL | |
| campo de control de longitud fija | ta |
| 008 - DATOS DE LONGITUD FIJA--INFORMACIÓN GENERAL | |
| campo de control de longitud fija | 260414s2025 nyu||||| |||| 00| 0 eng d |
| 020 ## - NÚMERO INTERNACIONAL ESTÁNDAR DEL LIBRO | |
| Número Internacional Estándar del Libro | 9781324105992 |
| 020 ## - NÚMERO INTERNACIONAL ESTÁNDAR DEL LIBRO | |
| Número Internacional Estándar del Libro | 1324105992 |
| 040 ## - FUENTE DE CATALOGACIÓN | |
| Lengua de catalogación | spa |
| Centro/agencia transcriptor | BJBSDDR |
| 041 ## - CÓDIGO DE IDIOMA | |
| Código de lengua del texto/banda sonora o título independiente | eng |
| 050 ## - SIGNATURA TOPOGRÁFICA DE LA BIBLIOTECA DEL CONGRESO | |
| Número de ítem | H587 2025 |
| 100 1# - ENTRADA PRINCIPAL--NOMBRE DE PERSONA | |
| Nombre de persona | Hesse, Hermann, |
| Fechas asociadas al nombre | 1877-1962. |
| 9 (RLIN) | 1808 |
| 245 14 - MENCIÓN DEL TÍTULO | |
| Título | The Steppenwolf / |
| Mención de responsabilidad, etc. | Hermann Hesse, Kurt Beals |
| 260 ## - PUBLICACIÓN, DISTRIBUCIÓN, ETC. | |
| Lugar de publicación, distribución, etc. | New York : |
| Nombre del editor, distribuidor, etc. | W. W. Norton & Company, |
| Fecha de publicación, distribución, etc. | 2025 |
| 300 ## - DESCRIPCIÓN FÍSICA | |
| Extensión | xxiv, 227 pages ; |
| Dimensiones | 21 cm |
| 520 ## - RESUMEN, ETC. | |
| Sumario, etc. | The quest for self-discovery never ends, especially for Harry Haller-better known as the Steppenwolf. After a life spent in self-imposed isolation, Harry meets the mysterious Hermine and becomes captivated by her intoxicating power. Through their nighttime adventures, the Steppenwolf experiences the decadent underbelly of the bourgeois society he always despised. Harry becomes a man divided-lost in a surreal underground world of pleasure and set on a collision course with his innermost desires. There has never been a translation that fully captures the essence of Hermann Hesse's own spiritual questioning until now. Kurt Beals restores the original meaning of this hallucinatory German tale in a recognizably modern voice. Beals's expert introduction traces the impact of The Steppenwolf for readers seeking meaning during the upheaval of world conflicts, the onslaught of new technologies, and life's uncertainties"-- Provided by publisher |
| 700 1# - ENTRADA AGREGADA--NOMBRE PERSONAL | |
| Nombre de persona | Beals, Kurt |
| 9 (RLIN) | 47909 |
| 942 ## - ELEMENTOS DE ENTRADA SECUNDARIOS (KOHA) | |
| Fuente del sistema de clasificación o colocación | Clasificación de Library of Congress |
| Suprimir en OPAC | No |
| Tipo de ítem Koha | Libro |
| 946 ## - PROCESAMIENTO DE INFORMACIÓN LOCAL (OCLC) | |
| Iniciales del agente catalogador | cmc |
| Estatus retirado | Estado de pérdida | Fuente del sistema de clasificación o colocación | Estado de daño | No para préstamo | Colección | Biblioteca de origen | Biblioteca actual | Ubicación en estantería | Fecha de adquisición | Signatura topográfica completa | Código de barras | Visto por última vez | Copia número | Tipo de ítem Koha |
|---|---|---|---|---|---|---|---|---|---|---|---|---|---|---|
| Clasificación de Library of Congress | Automatización y Procesos Técnicos | Biblioteca Juan Bosch | Biblioteca Juan Bosch | Automatización y Procesos Técnicos (1er. Piso) | 14/04/2026 | H587 2025 | 00000198939 | 14/04/2026 | 1 | Libro |
